|
|
|
|
| LEADER |
00000nam a22000007a 4500 |
| 005 |
20130228180952.0 |
| 007 |
cr|||| |||| |
| 008 |
130228e2010 sp |||||s|||| 00||0 spa d |
| 020 |
|
|
|a 978-84-9948-118-0
|
| 035 |
|
|
|a 7365
|
| 040 |
|
|
|a vLex
|
| 090 |
|
|
|c 3793
|d 3793
|
| 100 |
1 |
0 |
|a Assmann, Eberhard Schmidt
|
| 245 |
1 |
0 |
|a Glosario Jurd̕ico Bs̀ico
|h [Recurso electrn̤ico]
|
| 256 |
|
|
|a Servicio en ln̕ea
|
| 260 |
|
|
|a Alicante :
|b Editorial Club Universitario,
|c 2010
|
| 300 |
|
|
|a 1 Recurso electrn̤ico
|
| 650 |
0 |
4 |
|a Derecho
|v Diccionarios
|
| 650 |
0 |
4 |
|a Procedimiento
|v Diccionarios
|
| 700 |
1 |
0 |
|a Vosskuhle, Andreas
|
| 740 |
|
|
|a vLex Libros (Servicio en ln̕ea)
|
| 856 |
|
|
|a Acceso restringido
|u http://www.vlex.com/source/7365
|
| 942 |
|
|
|c BOOK
|
| 999 |
|
0 |
|a Law
|